|
|
|
|
| LEADER |
00000nam0a2200000 4500 |
| 001 |
76419 |
| 005 |
20231101212855.0 |
| 010 |
|
|
|a 582910332X
|
| 035 |
|
|
|a (RuTPU)RU\TPU\book\81808
|
| 090 |
|
|
|a 76419
|
| 100 |
|
|
|a 20050420d2004 m y0rusy50 ca
|
| 101 |
0 |
|
|a rus
|
| 102 |
|
|
|a RU
|
| 105 |
|
|
|a y j 001zy
|
| 200 |
1 |
|
|a Психология и педагогика толерантности
|e учебное пособие
|f Е. Ю. Клепцова
|g Вятский государственный гуманитарный университет
|
| 210 |
|
|
|a Москва
|c Академический проект:
|d 2004
|
| 215 |
|
|
|a 176 с.
|
| 225 |
1 |
|
|a Учебное пособие для вузов
|
| 320 |
|
|
|a Библиогр.: с. 119-127
|
| 606 |
1 |
|
|a Социальная психология личности
|2 stltpush
|3 (RuTPU)RU\TPU\subj\55670
|9 73678
|
| 606 |
1 |
|
|a Гуманитарное образование
|2 stltpush
|3 (RuTPU)RU\TPU\subj\70530
|9 84767
|
| 610 |
1 |
|
|a педагогика
|
| 610 |
1 |
|
|a психология
|
| 610 |
1 |
|
|a толерантность
|
| 610 |
1 |
|
|a личность
|
| 610 |
1 |
|
|a терпимость
|
| 610 |
1 |
|
|a гуманизм
|
| 610 |
1 |
|
|a руководители
|
| 610 |
1 |
|
|a педагоги
|
| 610 |
1 |
|
|a воспитатели
|
| 610 |
1 |
|
|a гуманистическая педагогика
|
| 610 |
1 |
|
|a учебные пособия
|
| 686 |
|
|
|a Ю952я73
|v LBC/SL-A
|2 rubbk
|
| 686 |
|
|
|a Ч31я73
|v LBC/SL-A
|2 rubbk
|
| 700 |
|
1 |
|a Клепцова
|b Е. Ю.
|g Елена Юрьевна
|
| 712 |
0 |
2 |
|a Вятский государственный гуманитарный университет
|2 stltpush
|3 (RuTPU)RU\TPU\col\7641
|
| 801 |
|
1 |
|a RU
|b 63413507
|c 20050420
|g PSBO
|
| 801 |
|
2 |
|a RU
|b 63413507
|c 20130415
|g PSBO
|
| 900 |
|
|
|a Психология и педагогика
|
| 900 |
|
|
|a Психология личности
|
| 900 |
|
|
|a Конфликтология
|
| 942 |
|
|
|c BK
|
| 951 |
|
|
|a 521000
|b 031000
|
| 959 |
|
|
|a 43/20050418
|d 1
|e 117,15
|f ЧЗГЛ:1
|